Biblioteka Instytutu Północnego w Olsztynie

Rządy rosyjskie w Kraju Tarnopolskim 1809-1815 / (Rekord nr 27814)

Szczegóły MARC
000 -Nagłówek
fixed length control field 01297cam a2200361 i 4500
001 - Nr kontrolny bibl., która utworzyła rek.
control field zz2004872298
003 - Siglum bibl., której nr kontr. jest w 001
control field NUKAT
005 - Data i czas ostatniej operacji
control field 20260427215316.0
008 - Elementy pola stałej długości
fixed length control field 040920s1903 pl g |001 0 pol c
035 ## - Systemowy numer kontrolny
systemowy numer kontrolny (OCoLC)1412977286
035 ## - Systemowy numer kontrolny
systemowy numer kontrolny (NUKAT)zz2004872298
040 ## - Instytucja sporządzająca opis
Instytucja, która sporządziła opis GD U/TZ
Instytucja, która sporządziła rekord GD U/TZ
Instytucja, która zmodyfikowała rekord GD U/TZ
-- GD U/KMs
-- WR O/MB
041 0# - Kod nazwy języka dokumentu
Język tekstu pol
-- ger
100 1# - Hasło główne-nazwa osobowa
Nazwa osobowa Leszczyński, Jan
Dopowiedzenie inne niż daty biograficzne (historyk).
9 (RLIN) 40710
245 10 - Tytuł właściwy i oznaczenie odpow.
tytuł Rządy rosyjskie w Kraju Tarnopolskim 1809-1815 /
dod. inf. ze s. tyt./ozn. odpow. przez Jana Leszczyńskiego.
260 ## - Adres wydawniczy
miejsce wydania, dystrybucji itp. Kraków ;
-- Warszawa :
nazwa wydawcy, dystrybutora itp. dr. W. L. Anczyca i S-ki,
data wydania, dystrybucji itp. 1903.
300 ## - Opis fizyczny
objętość i/lub forma materiału XXX, 271, [2] s. :
inne szczegóły opisu fizycznego err. ;
format 22 cm.
336 ## - Content Type
Term Tekst
Code txt
Source rdacontent
337 ## - Media Type
Term Bez urządzenia pośredniczącego
Code n
Source rdamedia
338 ## - Carrier Type
Term Wolumin
Code nc
Source rdacarrier
380 ## - Form of work
Form of work Książki
490 1# - Tytuł serii i ks. wielotom.-nie do wysz.
oznaczenie serii Monografie w Zakresie Dziejów Nowożytnych ;
numer woluminu t. 3
504 ## - Uwaga o bibliografii
uwaga o bibliografii Indeks.
546 ## - Uwaga o języku opisywanego materiału
uwaga o języku Tekst częśc. niem.
648 #7 - SUBJECT ADDED ENTRY--CHRONOLOGICAL TERM
Chronological term 1801-1900
Source of heading or term DBN
9 (RLIN) 36037
650 #7 - Hasło przedmiotowe-nazwa pospolita
nazwa pospolita lub geogr. Polityka
źródło hasła DBN
9 (RLIN) 35231
651 #7 - Hasło przedmiotowe-nazwa geogr.
nazwa geograficzna Rosja
źródło hasła DBN
9 (RLIN) 36145
651 #7 - Hasło przedmiotowe-nazwa geogr.
nazwa geograficzna Tarnopol (Ukraina ; region)
określnik chronologiczny 1789-1815.
źródło hasła kaba
9 (RLIN) 40711
658 ## - Nazwa określająca cel programu nauczania
główny cel programu nauczania Polityka, politologia, administracja publiczna
710 2# - Hasło dodatkowe - nazwa ciała zbior.
nazwa ciała zbior. lub nazwa geogr. W. L. Anczyc i Spółka.
kod rodzaju współpracy pbl
9 (RLIN) 4292
830 #0 - Hasło dod. serii i op. ks. wielotom. -tyt
tytuł Monografie w Zakresie Dziejów Nowożytnych
oznaczenie tomu t. 3
9 (RLIN) 4293
942 ## - ADDED ENTRY ELEMENTS (KOHA)
Source of classification or shelving scheme Dewey Decimal Classification
Koha item type pozycje dostępne na miejscu
Egzemplarze
Status wycofania Status zagubienia Klasyfikacja Status uszkodzenia Blokada wypożyczeń Kolekcja Lokalizacja macierzysta Lokalizacja bieżąca Data nabycia Numer akcesji Źródło akcesji Nr inwentarzowy il. wypożyczeń Sygnatura Kod kreskowy Date last seen Price effective from Typ egz.
    Dewey Decimal Classification nieuszkodzona   Pracownia Badań Księgozbiorów Historycznych Biblioteka Instytutu Północnego w Olsztynie Pracownia Badań Księgozbiorów Historycznych 27/04/2026 D-35/1965 dar 15435/3   15435/3 IPWK23820 27/04/2026 27/04/2026 pozycje dostępne na miejscu
Biblioteka Instytutu Północnego, ul. Partyzantów 87, 10-402 Olsztyn, email: biblioteka(at)ip.olsztyn.pl